| 000 | 00675nam a2200181Ia 4500 | ||
|---|---|---|---|
| 008 | 090630s9999 xx 000 0 und d | ||
| 082 | _b23967 | ||
| 100 | _aजोगळेकर योगिनी. | ||
| 245 |
_aजीवाची आवडी. _cजोगळेकर योगिनी. |
||
| 260 | _bनंदादीप बुक सर्व्हिसेस - सोलापूर. | ||
| 300 | _a0 | ||
| 600 | _aजोगळेकर योगिनी. | ||
| 630 | _aजीवाची आवडी. | ||
| 655 | _aलघुकथा. | ||
| 700 | _aजोगळेकर योगिनी. | ||
| 730 | _aजीवाची आवडी. | ||
| 942 | _cBOOK | ||
| 999 |
_c275823 _d275823 |
||